Freshwater Fish - Statistics

General Stats
  • This quiz has been taken 295 times
  • The average score is 6 of 12
Answer Stats
Hint Answer % Correct
Bass Largemouth Bass
89%
Bass Smallmouth Bass
88%
Catfish Channel
71%
Catfish Bluecat
56%
Bass Striped Bass
55%
Catfish Flathead
53%
Bass Rock Bass
51%
Bass White Bass
46%
Bass Peacock Bass
28%
Bass Black Bass
21%
Carp Asian Carp
19%
Buffalo Buffalo Fish
8%
No matching quizzes found
Score Distribution
Percent of People with Each Score
Percentile by Number Answered
Your Score History
You have not taken this quiz